Význam uzatvárania zmlúv o zamedzení dvojitého zdanenia po vstupe Slovenskej republiky do Európskej únie diplomová práca

Salvato in:
Dettagli Bibliografici
Autore principale: Kudlová, Eva
Ente Autore: Národohospodárska fakulta EU. Katedra financií
Altri autori: Borodovčák, Michal
Natura: Libro
Lingua:slovacco
Pubblicazione: Bratislava 2008
Tags: Aggiungi Tag
Nessun Tag, puoi essere il primo ad aggiungerne!!

MARC

LEADER 00000nam$a2200000$$$4500
001 0078767
005 20240201120827.7
041 0 |a slo 
044 |a SK 
245 1 0 |a Význam uzatvárania zmlúv o zamedzení dvojitého zdanenia po vstupe Slovenskej republiky do Európskej únie  |b diplomová práca  |c Eva Kudlová ; škol. Michal Borodovčák 
264 1 |a Bratislava  |c 2008 
300 |a 60 s. 
100 1 |a Kudlová, Eva 
700 1 |a Borodovčák, Michal 
710 2 |a Národohospodárska fakulta EU. Katedra financií